| 000 | 00479nam a2200193Ia 4500 | ||
|---|---|---|---|
| 005 | 20260429112114.0 | ||
| 008 | 260429s9999||||xx |||||||||||||| ||und|| | ||
| 020 | _a9780443141027 | ||
| 041 | _aEnglish | ||
| 082 |
_a546 _bHOU |
||
| 100 | _aHouse, James E. | ||
| 245 | 0 |
_aInorganic chemistry / _cJames E. House |
|
| 250 | _a4th ed. | ||
| 260 |
_aAmsterdam : _bElsevier, _c2026. |
||
| 300 | _axiv, 973 p.; pbk | ||
| 650 | _a Inorganic | ||
| 650 | _aChemistry | ||
| 942 | _cTB | ||
| 999 |
_c52382 _d52382 |
||